000 00791nam a22002297a 4500
005 20081020164540.0
008 081020t xxu||||| |||| 00| 0 eng d
010 _aENG-84508
020 _a8175345543
020 _c1295.00 (hb)
035 _aEN-68041
082 _a346.54092 / SIN
100 _aSinghania, D C
245 _aForeign collaborations & investments in India:
_blaw and procedures /
_cby D C Singhania
250 _a2nd ed
260 _aDelhi
_bUniversal Law Publishing
260 _c2006
300 _axlix,1362p
_c24cm
500 _aIncludes index
942 _2ddc
_cEN
_h346.54092
_mSIN
999 _c17814
_d17814